| 000 | 00628nam a22002055i 4500 | ||
|---|---|---|---|
| 001 | 178349 | ||
| 003 | ES-MaACL | ||
| 005 | 20231019203338.0 | ||
| 008 | 110525s1970 sp |||| | spa d | ||
| 080 | _a929 Aníbal | ||
| 245 | 0 | 0 | _aAníbal. |
| 260 |
_aMadrid : _bDelblan, _cD. L. 1970. |
||
| 300 |
_a16 p. ; _c16 cm. |
||
| 490 | 1 |
_aMosaico cultural. Los grandes capitanes ; _v6 |
|
| 500 | _aEncuadernado con otros títulos. | ||
| 600 | 0 | 7 |
_aAníbal, _d247-182 a.C. _2 _9165256 |
| 830 | 0 |
_aMosaico cultural. Los grandes capitanes ; _v6 _9190913 |
|
| 852 |
_aES-MaACL _jE-15197 (6) _xOlim P-1923 |
||
| 999 |
_c178349 _d178349 |
||